Un coureur cycliste = Une Victoire à son palmarès - Statistiques

Statistiques générales
  • Ce quiz a été pris 48 fois
  • Le résultat moyen est 10 sur 20
Statistiques - réponses
Hint Réponse % Correct
Gand-Wevelgem 2024 Mads Pedersen
77%
Championnats du Monde sur route 2022 Remco Evenepoel
71%
Tour des Flandres 2016 Peter Sagan
66%
Paris-Roubaix 2019 Philippe Gilbert
66%
Bretagne Classic 2023 Valentin Madouas
66%
La Flèche Wallonne 2017 Alejandro Valverde
63%
Tour de Catalogne 2023 Primož Roglič
63%
Milan-San Remo 2019 Julian Alaphilippe
60%
Amstel Gold Race 2019 Mathieu Van der Poel
60%
Strade Bianche 2020 Wout Van Aert
57%
Tour de Lombardie 2020 Jakob Fuglsang
51%
Liège Bastogne Liège 2013 Dan Martin
49%
Classique de Saint-Sébastien 2013 Tony Gallopin
46%
Paris-Tours 2017 Matteo Trentin
37%
Tirreno-Adriatico 2017 Nairo Quintana
37%
Tour du Pays Basque 2016 Alberto Contador
31%
Tour de Romandie 2022 Alexandr Vlasov
31%
Criterium du Dauphiné 2021 Richie Porte
29%
Tour de Suisse 2021 Richard Carapaz
26%
Paris-Nice 2011 Tony Martin
17%
Aucun quiz correspondant
Distribution des résultats
% des personnes avec chaque résultat
Percentile par nombre de réponses
Votre historique - résultats
Vous n’avez pas pris ce quiz